A history of Greece to the death of Alexander the Great / (Record no. 38659)

MARC details
000 -LEADER
campo de control de longitud fija 00486nam a2200157 i 4500
001 - NÚMERO DE CONTROL
campo de control 38659
003 - IDENTIFICADOR DE NÚMERO DE CONTROL
campo de control ES-MaACL
005 - FECHA Y HORA DE LA ÚLTIMA TRANSACCIÓN
campo de control 20230906155809.0
007 - CAMPO FIJO DE DESCRIPCIÓN FÍSICA--INFORMACIÓN GENERAL
campo de control de longitud fija t|
008 - DATOS DE LONGITUD FIJA--INFORMACIÓN GENERAL
campo de control de longitud fija 030226s1917 xxk ||||1| eng d
100 1# - ENTRADA PRINCIPAL--NOMBRE DE PERSONA
Nombre de persona Bury, John Bagnell.
9 (RLIN) 32798
245 10 - MENCIÓN DEL TÍTULO
Título A history of Greece to the death of Alexander the Great /
Mención de responsabilidad, etc. J.B. Bury.
260 ## - PUBLICACIÓN, DISTRIBUCIÓN, ETC.
Lugar de publicación, distribución, etc. London :
Nombre del editor, distribuidor, etc. [s.n.,
Fecha de publicación, distribución, etc. 1917] (
Lugar de fabricación/manufactura Edinburgh :
Fabricante R. & R. Clark)
300 ## - DESCRIPCIÓN FÍSICA
Extensión XXV, 909 p. :
Otras características físicas grab., 1 map. ;
Dimensiones 19 cm.
852 ## - LOCALIZACIÓN
Ubicación ES-MaACL
Número de control de estantería F-11019
Holdings
Estatus retirado Estado de pérdida Estado de daño No para préstamo Biblioteca de origen Biblioteca actual Ubicación en estantería Fecha de adquisición Fuente de adquisición Total de préstamos Signatura topográfica completa Código de barras Visto por última vez Precio de reemplazo Tipo de ítem Koha
        Biblioteca del Ateneo de Madrid Biblioteca del Ateneo de Madrid Sala Pecera Planta 2 17/01/2008     F-11019 1040711 23/02/2023 23/02/2023 Libro impreso